| 000 | 00728camaa2200265Mu 4500 | ||
|---|---|---|---|
| 001 | 98281 | ||
| 005 | 20230410130849.0 | ||
| 008 | 000302s2009 sp 000 0 spa d | ||
| 035 | _a(OCoLC)ocn432971816 | ||
| 040 |
_aBNM _erdc _bspa _cBNM |
||
| 016 | 7 |
_abimoBNE20000619804 _2SpMaBN |
|
| 017 | _aB 42939-1999 | ||
| 020 | _a9788423341672 | ||
| 035 | _a(OCoLC)432971816 | ||
| 050 | 1 | 4 |
_aPQ 6635 _bS192v 2009 |
| 049 | _aGRAL | ||
| 100 | 1 |
_aSampedro, José Luis, _d1917- |
|
| 245 | 1 | 3 |
_aLa vieja sirena / _cJosé Luis Sampedro. |
| 260 |
_aBarcelona : _bEdiciones Destino, _c2009 |
||
| 300 |
_a685 p. _c21 cm. |
||
| 440 | 0 |
_aColección Destino clásicos ; _vvol.3 |
|
| 942 |
_2lcc _cbk |
||
| 994 |
_aC0 _bDRFGD |
||
| 946 | _ajmg | ||
| 999 |
_c81731 _d81731 |
||